Statistics for Greater Toronto Municipal Freeways

Click here to take the quiz!

General Stats

  • This quiz has been taken 50 times
  • The average score is 4 of 5

Answer Stats

West EndEast EndRoad Name% Correct
Gardiner Expwy / Lake Shore BlvdHighways 401 /404Don Valley Parkway
94%
Highway 427 / QEWDVP / Lake Shore BlvdGardiner Expressway
94%
Eglinton Avenue, TorontoTransit Road, TorontoAllen Road
81%
Highway 403 in AncasterRed Hill Valley Parkway in HamiltonLincoln Alexander Parkway
44%
Lincoln Alexander Parkway in HamiltonQEW in HamiltonRed Hill Valley Parkway
39%

Score Distribution

Percentile by Number Answered

Percent of People with Each Score

Your Score History

You have not taken this quiz